JRE-IKST-021-01(首都圏3-1番)の使用駅 -サドンデス- - Statistics

General Stats
  • This quiz has been taken 20 times
    17 since last reset
  • The average score is 15 of 33
Answers on the Grid
Answers color-coded by a green-red scale on the quiz's grid according to % correct below.
熱海
湯河原
真鶴
根府川
早川
小田原
鴨宮
国府津
二宮
大磯
平塚
茅ヶ崎
辻堂
藤沢
大船
戸塚
横浜
川崎
品川
新橋
東京
上野
尾久
赤羽
浦和
さいたま新都心
大宮
土呂
東大宮
蓮田
白岡
新白岡
久喜
東鷲宮
栗橋
古河
野木
間々田
小山
小金井
自治医大
石橋
雀宮
宇都宮
岡本
宝積寺
氏家
蒲須坂
片岡
矢板
野崎
西那須野
那須塩原
黒磯
新白河
白河
郡山
福島
仙台
小牛田
北上
花巻
盛岡
大崎
恵比寿
渋谷
新宿
池袋
板橋
十条
北赤羽
浮間舟渡
戸田公園
戸田
北戸田
武蔵浦和
中浦和
南与野
与野本町
北与野
 
Answer Stats
Answer % Correct
熱海
100%
湯河原
100%
真鶴
100%
根府川
100%
早川
100%
鴨宮
89%
大磯
44%
大船
44%
戸塚
44%
横浜
44%
品川
33%
新橋
33%
東京
33%
上野
33%
浦和
33%
さいたま新都心
33%
大宮
33%
東大宮
33%
白岡
33%
新白岡
33%
久喜
33%
東鷲宮
33%
栗橋
33%
古河
33%
野木
33%
間々田
33%
小山
33%
小金井
33%
自治医大
33%
石橋
33%
雀宮
33%
土呂
22%
新宿
0%
No matching quizzes found
Score Distribution
Percent of People with Each Score
Percentile by Number Answered
Your Score History
You have not taken this quiz since the last reset